000 00749nam a2200217Ii 4500
003 JO-AjNU
008 230605s9999||||xx |||||||||||||| ||und||
017 _a79/3458
020 _a306-176-0
040 _aJO-AjNU
_bara
_erda
_cJO-AjNU
041 _aara
050 1 4 _aBP173.759.M2422 1979
100 3 _aمكي، علي سعيد عبد الوهاب,
_eauthor
_938006
245 0 0 _aتمويل المشروعات في ظل الإسلام : دراسة مقارنة
264 3 1 _aد.م: دار الفكر العربي، 1979
300 _a286ص
336 _atext
_btxt
_2rdacontent
337 _aunmediated
_bn
_2rdamedia
338 _avolume
_bnc
_2rdacarrier
650 4 _aالاقتصاد الاسلامي- المشروعات- تمويل
_938007
999 _aA15931
_c19499
_d19499